Enciclopedia del saber : (Registro nro. 11553)

Detalles MARC
000 -LIDER
fixed length control field 01096cam a22003493a 4500
001 - NÚMERO DE CONTROL
Identificador de número de control 0000719
003 - IDENTIFICACDOR DE NÚMERO DE CONTROL
control field DO-SdBNP
005 - DATE AND TIME OF LATEST TRANSACTION
control field 20220627110303.0
007 - CAMPOS FIJOS DE DESCRIPCIÓN FÍSICA
fixed length control field 0000719
008 - ELEMENTOS DE LONGITUD FIJA
fixed length control field 861112 2010 sp ac 000 0 spa d
010 ## - NUMERO DE CONTROL DE BIBLIOTECA DEL CONGRESO
LC control number
020 ## - ISBN
International Standard Book Number 9788466220415
040 ## - FUENTE DE CATALOGACIÓN
Agencia que crea de manera original el registro BPMSU
Agencia que realiza la transcripción spa
Agencia que realiza la modificación BPMSU
--
082 ## - NÚMERO DE CLASIFICACIÓN DECIMAL DE DEWEY
Classification number R930
Item number B886e 2010
Edition number 22
092 ## - LOCALLY ASSIGNED DEWEY DECIMAL CALL NUMBER
Número de clasificación
100 1# - ASIENTO PRINCIPAL -- NOMBRE PERSONAL
Nombre personal Bruce, Julia
245 10 - MENCIÓN DE TITULO
Título Enciclopedia del saber :
Subtítulo antiguas civilizaciones /
Mención de responsabilidad Julia Bruce ; traducción Maria Jesús Sevillano Ureta ; ilustraciones Nichy Palin, Peter Dennis, Gary Hincks
260 ## - PUBLICACIÓN, DISTRIBUCIÓN, ETC. (PIE DE IMPRENTA)
Lugar de publicación, distribución, etc Madrid :
Nombre del editor, distribuidor, etc. Libsa,
Fecha de publicación, distribución, etc 2010.
300 ## - DESCRIPCIÓN FÍSICA
Extensión 32 p. :
Otros detalles físicos il., retrato
Dimensiones 31 cm.
490 0# - MENCIÓN DE SERIES
Mención de serie Enciclopedia del saber
500 ## - NOTA GENERAL
Nota general Incluye índice.
534 ## - NOTA SOBRE LA VERSIÓN ORIGINAL
Asiento principal del original Título original :
Mención del título original Ancient wolds
650 #4 - ENCABEZAMIENTO DE MATERIA--TEMÁTICO
Término temático o nombre geográfico como elemento de entrada Civilización antigua
650 #4 - ENCABEZAMIENTO DE MATERIA--TEMÁTICO
Término temático o nombre geográfico como elemento de entrada Historia antigua.
700 1# - ASIENTO SECUNDARIO -- NOMBRE PERSONAL
Nombre personal Sevillano Ureta, María Jesús
Mención de responsabilidad traductor
700 12 - ASIENTO SECUNDARIO -- NOMBRE PERSONAL
Nombre personal Palin, Nicky
Mención de responsabilidad ilustraciones
700 1# - ASIENTO SECUNDARIO -- NOMBRE PERSONAL
Nombre personal Dennis, Peter
Mención de responsabilidad ilustraciones
700 1# - ASIENTO SECUNDARIO -- NOMBRE PERSONAL
Nombre personal Hincks, Gary
Mención de responsabilidad ilustraciones
710 2# - ASIENTO SECUNDARIO -- NOMBRE CORPORATIVO
Nombre corporativo o de jurisdicción LIBSA
910 ## - VALIDACIÓN
Validación VMateo V.
942 ## - ADDED ENTRY ELEMENTS (KOHA)
Source of classification or shelving scheme Dewey Decimal Classification
Koha item type Libros
Existencias
Withdrawn status Lost status Source of classification or shelving scheme Damaged status Not for loan Collection code Home library Current library Date acquired Full call number Barcode Date last seen Price effective from Koha item type Source of acquisition Copy number
    Dewey Decimal Classification     Colección de Referencia General Biblioteca Pública Metropolitana Salomé Ureña Biblioteca Pública Metropolitana Salomé Ureña 10/12/2016 BPMSU CGR R930 B886e 2010 BPMSU16100142 10/12/2016 10/12/2016 Libros    
    Dewey Decimal Classification     Colección General Biblioteca Pública Metropolitana Salomé Ureña Biblioteca Pública Metropolitana Salomé Ureña 10/12/2016 BPMSU CGR R930 B886e 2010 BPMSU16100143 10/12/2016 10/12/2016 Libros e. 2
    Dewey Decimal Classification     Colección de Referencia General Biblioteca Pública Metropolitana Salomé Ureña Biblioteca Pública Metropolitana Salomé Ureña 10/12/2016 BPMSU CGR R930 B886e 2010 BPMSU16100144 10/12/2016 10/12/2016 Libros   e. 3